Capitales économiques non politiques - Statistiques

Statistiques générales
  • Ce quiz a été pris 111 fois
  • Le résultat moyen est 16 sur 24
Statistiques - réponses
Pays Capitale économique % Correct
États-Unis New York
98%
Australie Sydney
93%
Italie Milan
91%
Inde Mumbai
87%
Turquie Istanbul
83%
Suisse Zurich
83%
Brésil São Paulo
82%
Maroc Casablanca
80%
Émirats arabes unis Dubaï
80%
Israël Tel-Aviv
80%
Canada Toronto
77%
Allemagne Francfort
73%
Chine Shanghai
73%
Nigeria Lagos
67%
Côte-d'Ivoire Abidjan
62%
Afrique du Sud Johannesbourg
61%
Nouvelle-Zélande Auckland
60%
Pakistan Karachi
54%
Sri Lanka Colombo
49%
Vietnam Hô-Chi-Minh-Ville
44%
Bénin Cotonou
37%
Birmanie Rangoun
32%
Tanzanie Dar-es-Salam
30%
Cameroun Douala
29%
Aucun quiz correspondant
Distribution des résultats
% des personnes avec chaque résultat
Percentile par nombre de réponses
Votre historique - résultats
Vous n’avez pas pris ce quiz